Państwa położone najbliżej USA, które z nimi nie graniczą - Statystyki

Ogólne statystyki
  • Ten quiz został rozwiązany 54 razy
  • Średni wynik to 16 z 20
Statystyki odpowiedzi
km Państwo % Poprawnych
3 Rosja
100%
150 Kuba
98%
932 Haiti
91%
1070 Dominikana
89%
978 Honduras
87%
85 Bahamy
85%
1680 Panama
85%
1804 Wenezuela
85%
1051 Gwatemala
83%
758 Jamajka
83%
1080 Nikaragua
81%
930 Belize
79%
1695 Kolumbia
77%
1534 Kostaryka
77%
1358 Salwador
77%
2198 Japonia
74%
2110 Antigua i Barbuda
66%
2008 Saint Kitts i Nevis
64%
2160 Francja (Gwadelupa)
47%
1666 Kiribati
38%
Nie znaleziono quizów pasujących do podanych kryteriów
Rozkład punktacji
Procent ludzi z każdym wynikiem
Percentyl według liczby udzielonych odpowiedzi
Twoja historia wyników
Nie rozwiązałeś tego quizu